Heat and Mass Transfer (Record no. 201810)

MARC details
000 -LEADER
fixed length control field 00505nam a2200205Ia 4500
008 - FIXED-LENGTH DATA ELEMENTS--GENERAL INFORMATION
fixed length control field 240823s9999||||xx |||||||||||||| ||und||
020 ## - INTERNATIONAL STANDARD BOOK NUMBER
International Standard Book Number 81-8772-36-7
082 ## - DEWEY DECIMAL CLASSIFICATION NUMBER
-- 621.4022 P2
100 ## - MAIN ENTRY--PERSONAL NAME
Personal name Shanmugam N
245 #0 - TITLE STATEMENT
Title Heat and Mass Transfer
250 ## - EDITION STATEMENT
Edition statement 1st
260 ## - PUBLICATION, DISTRIBUTION, ETC. (IMPRINT)
Date of publication, distribution, etc 2002
Name of publisher, distributor, etc Anuradha Age
Place of publication, distribution, etc Kumbakonam
500 ## - GENERAL NOTE
General note TRANSFERED
650 ## - SUBJECT ADDED ENTRY--TOPICAL TERM
Topical term or geographic name as entry element Heat and Mass Transfer
700 ## - ADDED ENTRY--PERSONAL NAME
Personal name Balakrishnan S R
942 ## - ADDED ENTRY ELEMENTS (KOHA)
Item type Books
Holdings
Withdrawn status Lost status Damaged status Permanent location Current location Shelving location Date acquired Cost, normal purchase price Full call number Barcode Date last seen Koha item type
      CENTRAL LIBRARY, NOORUL ISLAM CENTRE FOR HIGHER EDUCATION CENTRAL LIBRARY, NOORUL ISLAM CENTRE FOR HIGHER EDUCATION   01/29/2014 220.00 621.4022 P2 52890 08/23/2024 Books
Visitors:
Copyright © 2024 Central Library NICHE.  All rights reserved.